Dharavi: an economic and social survey of a village in the suburbs of Bombay (Record no. 441957)

000 -LEADER
fixed length control field 00389cam a22001097a 4500
008 - FIXED-LENGTH DATA ELEMENTS--GENERAL INFORMATION
fixed length control field 180718b1944 xxu||||| |||| 00| 0 eng d
082 ## - DEWEY DECIMAL CLASSIFICATION NUMBER
Classification number T19x5442 R74
245 ## - TITLE STATEMENT
Title Dharavi: an economic and social survey of a village in the suburbs of Bombay
260 ## - PUBLICATION, DISTRIBUTION, ETC.
Place of publication, distribution, etc. Bombay
Name of publisher, distributor, etc. Rotary Club of Bombay and Bureau of Research and Publications
Date of publication, distribution, etc. 1944
300 ## - PHYSICAL DESCRIPTION
Extent 48p.
650 ## - SUBJECT ADDED ENTRY--TOPICAL TERM
Topical term or geographic name entry element Bombay - Economic conditions
Holdings
Withdrawn status Lost status Damaged status Not for loan Permanent Location Current Location Date acquired Full call number Barcode Date last seen Price effective from Koha item type
        Indian Institute of Public Administration Indian Institute of Public Administration 2011-02-22 T19x5442 R74 19836 2018-07-21 2018-07-21 Book

Powered by Koha